UFC Champions Who Got Immediate Rematches - Statistics

General Stats
  • This quiz has been taken 291 times
    82 since last reset
  • The average score is 10 of 13
Answer Stats
Year of Rematch Was Beat By Answer % Correct
2025 Merab Dvalishvili Sean O'Malley
99%
2025 Magomed Ankalaev Alex Pereira
97%
2023 Leon Edwards Kamaru Usman
97%
2023 Alex Pereira Israel Adesanya
91%
2020 Alexander Volkanovski Max Holloway
89%
2023 Alexa Grasso Valentina Shevchenko
80%
2022 Julianna Peña Amanda Nunes
77%
2017 Max Holloway José Aldo
77%
2018 T.J. Dillashaw Cody Garbrandt
73%
2022 Brandon Moreno Deiveson Figueiredo
67%
2021 Rose Namajunas Zhang Weili
53%
2012 Benson Henderson Frankie Edgar
37%
2004 Vitor Belfort Randy Couture
36%
No matching quizzes found
Score Distribution
Percent of People with Each Score
Percentile by Number Answered
Your Score History
You have not taken this quiz since the last reset